[Event "NAYCC U12"]
[Site "Kingston CAN"]
[Date "2019.08.16"]
[Round "1.60"]
[White "Liang, Jason"]
[Black "Sharma, Vishruth"]
[Result "1-0"]
[WhiteElo "2250"]
[BlackElo "1794"]
[PlyCount "61"]
[EventDate "2019.08.16"]
[EventType "swiss"]
[EventRounds "9"]
[EventCountry "CAN"]

1. e4 e5 2. Nf3 Nc6 3. Bb5 a6 4. Ba4 Nf6 5. d3 Be7 6. Bxc6 dxc6 7. Nxe5 O-O 8.
O-O Bd6 9. Nf3 Re8 10. Nbd2 Bg4 11. h3 Bh5 12. Re1 Nd7 13. Nc4 Ne5 14. Ncxe5
Bxe5 15. g4 Bg6 16. Nxe5 Rxe5 17. f4 Re8 18. f5 Qh4 19. Kg2 Rad8 20. Bf4 Rd7
21. fxg6 fxg6 22. Bg3 Qg5 23. Qc1 Qc5 24. Re2 h5 25. Qe3 Qb5 26. b3 Rf7 27. a4
Qb4 28. Rf1 Rfe7 29. Ref2 b5 30. axb5 cxb5 31. Qg5 1-0

[Event "NAYCC U12"]
[Site "Kingston CAN"]
[Date "2019.08.16"]
[Round "1.61"]
[White "Yan, Alex Jikai"]
[Black "Zhong, Kevin"]
[Result "1/2-1/2"]
[WhiteElo "1801"]
[BlackElo "2215"]
[PlyCount "73"]
[EventDate "2019.08.16"]
[EventType "swiss"]
[EventRounds "9"]
[EventCountry "CAN"]

1. e4 c5 2. Nf3 Nc6 3. d4 cxd4 4. Nxd4 Nf6 5. Nc3 d6 6. Be2 e5 7. Nf3 Be7 8.
O-O O-O 9. h3 h6 10. Be3 a6 11. a4 Be6 12. Qd2 Rc8 13. Rfd1 Na5 14. Bd3 Nc4 15.
Qc1 Qa5 16. Ne2 Nxe3 17. Qxe3 Bc4 18. b3 Bxd3 19. cxd3 Bd8 20. Rdc1 Rxc1+ 21.
Qxc1 Bb6 22. Qc2 Nd7 23. Nd2 Qb4 24. Nc4 Qc5 25. Nc3 Ba7 26. Nd5 Nb6 27. Ndxb6
Bxb6 28. Rc1 Rc8 29. Ne3 Qxc2 30. Rxc2 Rxc2 31. Nxc2 Bc5 32. Kf1 Kf8 33. Ke2
Ke7 34. Ne3 Bxe3 35. Kxe3 Kd7 36. Kd2 Kc6 37. Kc3 1/2-1/2

[Event "NAYCC U12"]
[Site "Kingston CAN"]
[Date "2019.08.16"]
[Round "1.62"]
[White "Xu, Arthur"]
[Black "Srinivas, Atharva"]
[Result "1-0"]
[WhiteElo "2069"]
[BlackElo "1504"]
[PlyCount "111"]
[EventDate "2019.08.16"]
[EventType "swiss"]
[EventRounds "9"]
[EventCountry "CAN"]

1. e4 e5 2. Nf3 Nc6 3. Bb5 a6 4. Ba4 Nf6 5. O-O Be7 6. Re1 b5 7. Bb3 d6 8. c3
O-O 9. h3 Na5 10. Bc2 c5 11. d4 Qc7 12. Nbd2 cxd4 13. cxd4 Nc6 14. Nb3 a5 15.
Be3 a4 16. Nbd2 Bd7 17. Rc1 Qb7 18. Qe2 Rfc8 19. Bd3 exd4 20. Nxd4 Nb4 21. Bxb5
Bxb5 22. Qxb5 Qxb5 23. Nxb5 Nxa2 24. Rxc8+ Rxc8 25. Ra1 Rc1+ 26. Rxc1 Nxc1 27.
Nc3 Nb3 28. f3 Nc5 29. Bxc5 dxc5 30. Nxa4 Nd7 31. Kf2 f6 32. Ke3 Kf7 33. Kd3
Ke6 34. Kc4 Kd6 35. Kb5 Ke5 36. Nb3 Kf4 37. Naxc5 Nxc5 38. Nxc5 Kg3 39. b4 Bd6
40. Kc6 Bb8 41. b5 Kxg2 42. b6 Kxf3 43. Na6 Be5 44. b7 Kxe4 45. Nc7 f5 46. b8=Q
Bxc7 47. Qxc7 g5 48. Qxh7 Ke5 49. Qh6 g4 50. hxg4 f4 51. g5 f3 52. Qf6+ Ke4 53.
g6 Ke3 54. g7 f2 55. Qxf2+ Kxf2 56. g8=Q 1-0

[Event "NAYCC U12"]
[Site "Kingston CAN"]
[Date "2019.08.16"]
[Round "1.63"]
[White "Lancman, Kaleb"]
[Black "Cheung, Ryan"]
[Result "1/2-1/2"]
[WhiteElo "1501"]
[BlackElo "1986"]
[PlyCount "97"]
[EventDate "2019.08.16"]
[EventType "swiss"]
[EventRounds "9"]
[EventCountry "CAN"]

1. d4 f5 2. Bf4 Nf6 3. e3 g6 4. Nf3 Bg7 5. c3 d6 6. Nbd2 O-O 7. Bd3 e6 8. O-O
Nc6 9. Qb3 Qe7 10. Rfe1 Kh8 11. Bg3 e5 12. dxe5 Nxe5 13. Nxe5 dxe5 14. Rad1 c6
15. Bh4 Be6 16. Bc4 Bxc4 17. Nxc4 b6 18. a4 Rad8 19. Rxd8 Rxd8 20. Rd1 Rd5 21.
Na3 Qd7 22. Rxd5 Qxd5 23. Qxd5 Nxd5 24. Nc4 a6 25. a5 b5 26. Nb6 e4 27. Kf1 Be5
28. Ke2 Bc7 29. Nxd5 cxd5 30. Bf6+ Kg8 31. b4 Kf7 32. Bh4 Be5 33. Kd2 Bc7 34.
Bg3 Bxg3 35. hxg3 g5 36. Ke2 Kg6 37. Kd2 Kh5 38. Ke2 Kg4 39. Kd2 h5 40. Ke2 h4
41. gxh4 gxh4 42. Kf1 h3 43. gxh3+ Kxh3 44. Kg1 f4 45. exf4 Kg4 46. Kf1 Kf5 47.
Ke1 Kg4 48. Kf1 Kf5 49. Ke1 1/2-1/2

[Event "NAYCC U12"]
[Site "Kingston CAN"]
[Date "2019.08.16"]
[Round "1.64"]
[White "Li, Thomas"]
[Black "Adam, Rafael"]
[Result "1-0"]
[WhiteElo "1923"]
[BlackElo "1500"]
[PlyCount "89"]
[EventDate "2019.08.16"]
[EventType "swiss"]
[EventRounds "9"]
[EventCountry "CAN"]

1. e4 c6 2. d4 d5 3. Nd2 dxe4 4. Nxe4 Bf5 5. Ng3 Bg6 6. Nf3 Nd7 7. h4 h6 8. h5
Bh7 9. Bd3 Bxd3 10. Qxd3 Ngf6 11. Bd2 e6 12. Qe2 Be7 13. O-O-O O-O 14. Nf1 b5
15. g4 Nh7 16. Ne5 Qc7 17. Ng6 Rfe8 18. Nxe7+ Rxe7 19. Ng3 Ree8 20. f4 Rac8 21.
Kb1 Nb6 22. Ne4 Nd5 23. Qf3 Ne7 24. Nc5 Rcd8 25. Bc1 Rd5 26. Be3 a5 27. Rhg1
Kh8 28. c3 Rg8 29. Rde1 Qc8 30. Bf2 Qf8 31. Re5 Qe8 32. Rge1 Rxe5 33. dxe5 Qc8
34. Ne4 Qc7 35. Nd6 Nc8 36. Qxc6 Qe7 37. Nxc8 Qd8 38. Nd6 Rf8 39. Rd1 Qb8 40.
Qxb5 Qa8 41. Qb7 Kg8 42. Qxa8 Rxa8 43. Nb5 Rb8 44. a4 Nf8 45. Kc2 1-0

[Event "NAYCC U12"]
[Site "Kingston CAN"]
[Date "2019.08.16"]
[Round "1.65"]
[White "Hu, Raymond"]
[Black "Tu, Lawrence"]
[Result "0-1"]
[WhiteElo "1481"]
[BlackElo "1919"]
[PlyCount "96"]
[EventDate "2019.08.16"]
[EventType "swiss"]
[EventRounds "9"]
[EventCountry "CAN"]

1. e4 c5 2. Nc3 Nc6 3. g3 d6 4. Bg2 Nf6 5. f4 e6 6. d3 Be7 7. Nf3 Bd7 8. O-O
O-O 9. h3 Nd4 10. e5 Nd5 11. Nxd5 exd5 12. Nxd4 cxd4 13. b3 dxe5 14. fxe5 Qc7
15. Bf4 Be6 16. g4 Rac8 17. Rf2 Bh4 18. Re2 h6 19. Bh2 Bg5 20. Qe1 Be3+ 21. Kh1
Qc5 22. Bg1 Bxg1 23. Kxg1 Rc7 24. a4 Rfc8 25. Rc1 Qa3 26. Ra1 Qb2 27. Rb1 Qa3
28. Ra1 Qc5 29. Rc1 Qb6 30. Qd2 Rc3 31. Kh2 Qc5 32. Qf4 Rxd3 33. cxd3 Qxc1 34.
Qxd4 Qc3 35. Qxa7 Qxd3 36. Re3 Qd2 37. Rf3 Rc2 38. Rg3 Qf4 39. Qe3 Qxe3 40.
Rxe3 d4 41. Rg3 Bd5 42. Kg1 Bxg2 43. Rxg2 d3 44. Rg3 d2 45. Rd3 Rc1+ 46. Kf2
d1=Q 47. Rxd1 Rxd1 48. Ke2 Rb1 0-1

[Event "NAYCC U12"]
[Site "Kingston CAN"]
[Date "2019.08.16"]
[Round "1.67"]
[White "Weng, Nicholas"]
[Black "Zhang, Chu Hang"]
[Result "1-0"]
[WhiteElo "1463"]
[BlackElo "1911"]
[PlyCount "43"]
[EventDate "2019.08.16"]
[EventType "swiss"]
[EventRounds "9"]
[EventCountry "CAN"]

1. e4 b6 2. d4 Bb7 3. Bd3 e6 4. Nf3 c5 5. c3 cxd4 6. cxd4 Nc6 7. Nc3 g6 8. Bg5
Qb8 9. O-O Bg7 10. Bc2 Ba6 11. Re1 Nge7 12. e5 Nb4 13. Ne4 h6 14. Nd6+ Kf8 15.
Bxe7+ Kxe7 16. Be4 f6 17. Bxa8 fxe5 18. dxe5 Qxa8 19. Qa4 Nd3 20. Qxa6 Nxe1 21.
Rxe1 Bxe5 22. Nxe5 1-0

[Event "NAYCC U12"]
[Site "Kingston CAN"]
[Date "2019.08.16"]
[Round "1.68"]
[White "Latorre, Vincent"]
[Black "Galvez Villalva, Brian Emiliano"]
[Result "1-0"]
[WhiteElo "1889"]
[BlackElo "1455"]
[PlyCount "125"]
[EventDate "2019.08.16"]
[EventType "swiss"]
[EventRounds "9"]
[EventCountry "CAN"]

1. e4 c5 2. Nf3 d6 3. d4 cxd4 4. Nxd4 Nf6 5. Nc3 Bd7 6. Be3 e6 7. f3 Be7 8. Qd2
Nc6 9. O-O-O a6 10. g4 h6 11. h4 Qc7 12. Be2 Ne5 13. g5 Ng8 14. f4 Nc4 15. Bxc4
Qxc4 16. f5 e5 17. Nb3 a5 18. Qd5 Qc6 19. Nxa5 Qxd5 20. Rxd5 Kf8 21. Rg1 Bc6
22. Nxc6 bxc6 23. Rd2 hxg5 24. hxg5 Rh3 25. Re2 Bd8 26. a3 Ne7 27. Rd1 Nc8 28.
Bd2 Rg3 29. Rh2 Bxg5 30. Bxg5 Rxg5 31. a4 Ke7 32. Kd2 Nb6 33. b3 d5 34. Rf1 d4
35. Nd1 c5 36. Nf2 c4 37. Rc1 g6 38. fxg6 Rxg6 39. Rh5 Kd6 40. Rch1 Rc8 41. a5
Nd7 42. b4 Rb8 43. Rb1 Rg2 44. Ke2 Rbg8 45. Rh6+ f6 46. Rh5 R8g3 47. Rf5 Re3+
48. Kf1 Rg8 49. b5 Ra3 50. a6 Rb8 51. Ng4 Ke7 52. Rh5 Rg3 53. Nh6 Rf3+ 54. Kg2
Rc3 55. Nf5+ Kd8 56. a7 Rxc2+ 57. Kf1 Kc7 58. axb8=Q+ Kxb8 59. b6 Kb7 60. Rh7
c3 61. Rxd7+ Kb8 62. Nd6 Rf2+ 63. Kxf2 1-0

[Event "NAYCC U12"]
[Site "Kingston CAN"]
[Date "2019.08.16"]
[Round "1.69"]
[White "Liu, Aaron"]
[Black "Mundayat, Abinav"]
[Result "0-1"]
[WhiteElo "1446"]
[BlackElo "1879"]
[PlyCount "70"]
[EventDate "2019.08.16"]
[EventType "swiss"]
[EventRounds "9"]
[EventCountry "CAN"]

1. e4 c5 2. Nf3 Nc6 3. Bb5 Qc7 4. O-O a6 5. Bxc6 dxc6 6. c3 e5 7. d4 Bg4 8. Be3
Rd8 9. d5 cxd5 10. exd5 Nf6 11. c4 e4 12. Re1 Be7 13. h3 exf3 14. hxg4 Nxg4 15.
Qxf3 Qh2+ 16. Kf1 Qh4 17. Bf4 O-O 18. Kg1 Bf6 19. Nc3 Bd4 20. Bg3 Qh5 21. Rab1
Rde8 22. Ne2 Bxf2+ 23. Bxf2 Qh2+ 24. Kf1 Qh1+ 25. Bg1 Nh2+ 26. Kf2 Nxf3 27.
Kxf3 Qh5+ 28. g4 Qh1+ 29. Kg3 Qe4 30. Bxc5 Qxc4 31. Bxf8 Rxe2 32. Red1 Re3+ 33.
Kh4 Qf4 34. Bxg7 Kxg7 35. Rf1 Qh6# 0-1

[Event "NAYCC U12"]
[Site "Kingston CAN"]
[Date "2019.08.16"]
[Round "1.71"]
[White "Kou, Daniel"]
[Black "Zhao, Jeffrey R"]
[Result "1/2-1/2"]
[WhiteElo "1439"]
[BlackElo "1858"]
[PlyCount "115"]
[EventDate "2019.08.16"]
[EventType "swiss"]
[EventRounds "9"]
[EventCountry "CAN"]

1. e4 c5 2. c3 Nf6 3. e5 Nd5 4. d4 cxd4 5. cxd4 d6 6. Nf3 e6 7. Nc3 Nxc3 8.
bxc3 Qc7 9. Bd2 Nd7 10. exd6 Bxd6 11. Bd3 b6 12. Be4 Bb7 13. Qe2 O-O 14. O-O
Bxe4 15. Qxe4 Nf6 16. Qd3 Rfc8 17. Rfc1 Qc4 18. Qxc4 Rxc4 19. Kf1 Nd5 20. Ke2
Rac8 21. a3 b5 22. Kd3 f6 23. g3 R8c7 24. Ng1 Ra4 25. Rcb1 a6 26. Rb3 Kf7 27.
f4 Rc6 28. Nf3 Nb6 29. Bc1 Rac4 30. Nd2 Na4 31. Ne4 Be7 32. Bd2 f5 33. Nf2 Nb6
34. Nh3 Nd5 35. Ng1 Bd6 36. Nf3 h6 37. Re1 Nf6 38. h3 Ne4 39. Rg1 Kf6 40. Rg2
Kf7 41. g4 g6 42. gxf5 gxf5 43. Ne5+ Bxe5 44. fxe5 Rc8 45. h4 h5 46. Be1 Rd8
47. Ke3 Rg8 48. Rxg8 Kxg8 49. Kf4 Kf7 50. Ke3 Ke7 51. Kd3 Kd7 52. Rb2 Ra4 53.
Ra2 Kc6 54. Ra1 Kd5 55. Ra2 Rc4 56. Rg2 Ra4 57. Ra2 Rc4 58. Rg2 1/2-1/2

[Event "NAYCC U12"]
[Site "Kingston CAN"]
[Date "2019.08.16"]
[Round "1.72"]
[White "Chen, Richard"]
[Black "Cheng, Adrien"]
[Result "1/2-1/2"]
[WhiteElo "1852"]
[BlackElo "1426"]
[PlyCount "74"]
[EventDate "2019.08.16"]
[EventType "swiss"]
[EventRounds "9"]
[EventCountry "CAN"]

1. d4 d5 2. c4 e6 3. Nc3 Nf6 4. Bg5 Bb4 5. e3 Nc6 6. Nf3 h6 7. Bxf6 Qxf6 8. Be2
Bxc3+ 9. bxc3 O-O 10. O-O Re8 11. Rb1 a6 12. Qb3 dxc4 13. Qxc4 Bd7 14. e4 b5
15. Qd3 Rab8 16. e5 Qf5 17. Qe3 Na5 18. Bd3 Qh5 19. Nd2 Qg5 20. Qxg5 hxg5 21.
Ne4 Bc6 22. Nxg5 Nc4 23. Bxc4 bxc4 24. f3 f6 25. exf6 gxf6 26. Ne4 Kf7 27. Nc5
a5 28. Na6 Rbc8 29. Rfe1 Re7 30. Nc5 Rd8 31. Rb2 e5 32. dxe5 Rxe5 33. Rxe5 fxe5
34. Kf2 Rd5 35. Na6 Rd3 36. Nxc7 Rxc3 37. Na6 Rc1 1/2-1/2

[Event "NAYCC U12"]
[Site "Kingston CAN"]
[Date "2019.08.16"]
[Round "1.73"]
[White "Zhang, Henry X"]
[Black "Ning, Eric"]
[Result "0-1"]
[WhiteElo "1421"]
[BlackElo "1842"]
[PlyCount "96"]
[EventDate "2019.08.16"]
[EventType "swiss"]
[EventRounds "9"]
[EventCountry "CAN"]

1. e4 c5 2. d4 cxd4 3. c3 Nf6 4. e5 Nd5 5. Nf3 Nc6 6. cxd4 d6 7. Bc4 Nb6 8. Bb3
dxe5 9. dxe5 Qxd1+ 10. Bxd1 Bf5 11. O-O O-O-O 12. Nc3 e6 13. a3 h6 14. b4 g5
15. Re1 Bg7 16. Ba4 Nxa4 17. Nxa4 Nxe5 18. Nxe5 Bxe5 19. Bb2 Bxb2 20. Nxb2 Rd4
21. Rac1+ Kb8 22. Nc4 Rc8 23. Ne5 Rxc1 24. Rxc1 f6 25. Nf3 Rd3 26. a4 Ra3 27.
a5 Rb3 28. Ra1 Rxb4 29. h3 Rb1+ 30. Rxb1 Bxb1 31. Nd4 e5 32. Nb5 Bf5 33. Nd6
Bg6 34. g4 b6 35. axb6 axb6 36. f3 Kc7 37. Nb5+ Kc6 38. Nc3 Kc5 39. Kf2 Kc4 40.
Na4 b5 41. Nb6+ Kb3 42. Ke2 Kc2 43. Nd5 Bd3+ 44. Ke3 Bc4 45. Nxf6 b4 46. Ne4 b3
47. Nd2 Bd5 48. Nxb3 Kxb3 0-1

[Event "NAYCC U12"]
[Site "Kingston CAN"]
[Date "2019.08.16"]
[Round "1.74"]
[White "Levine, Jack"]
[Black "Zhu, Ricky"]
[Result "1-0"]
[WhiteElo "1833"]
[BlackElo "1407"]
[PlyCount "191"]
[EventDate "2019.08.16"]
[EventType "swiss"]
[EventRounds "9"]
[EventCountry "CAN"]

1. e4 c5 2. Nf3 d6 3. Bb5+ Bd7 4. Bxd7+ Qxd7 5. O-O Nf6 6. Re1 Nc6 7. c3 e6 8.
d3 Be7 9. Nbd2 O-O 10. a4 a6 11. a5 d5 12. e5 Ne8 13. Qe2 Nc7 14. Nb3 Rab8 15.
Be3 d4 16. Bg5 dxc3 17. bxc3 Nd5 18. Bxe7 Qxe7 19. Qc2 Rfd8 20. Re4 Na7 21.
Nfd2 Nb5 22. Rc4 Rbc8 23. Ne4 Nf4 24. Rxc5 Rxc5 25. Nbxc5 Nd5 26. c4 Nd4 27.
Qb2 Nf4 28. Qxb7 Qxb7 29. Nxb7 Rb8 30. Nbc5 Rd8 31. Nxa6 Nxd3 32. Nc7 Nc6 33.
a6 Ndxe5 34. Nc3 Nxc4 35. a7 Nb6 36. a8=Q Nxa8 37. Nxa8 f5 38. Nc7 Kf7 39. Re1
h6 40. Rxe6 Nb4 41. Re1 Rd2 42. Rd1 Rc2 43. N7d5 Nc6 44. f3 Ne5 45. Nb5 Nc4 46.
Nd4 Ra2 47. Nxf5 Kg6 48. Nfe3 Ne5 49. Nf4+ Kg5 50. Nd3 Ng6 51. Nf2 Nh4 52. Nd5
Kf5 53. Nc3 Rc2 54. Nb5 Kf6 55. Ne4+ Kf7 56. Rd2 Rc1+ 57. Kf2 Kg8 58. Nbd6 Ng6
59. Nf5 Nf8 60. Rd8 Rc2+ 61. Kg3 Rc7 62. Ned6 Ra7 63. h4 Rc7 64. Re8 g6 65.
Nxh6+ Kg7 66. Ng4 Rd7 67. Ne4 Ra7 68. Ng5 Rb7 69. Kf4 Rb4+ 70. Re4 Rb5 71. Re7+
Kg8 72. Nf6+ Kh8 73. g4 Rb4+ 74. Re4 Rb6 75. Nd5 Rb8 76. Re7 Rc8 77. Nf7+ Kg8
78. Nf6+ Kg7 79. Nd6+ Kxf6 80. Nxc8 Ne6+ 81. Rxe6+ Kxe6 82. Kg5 Kf7 83. f4 Kg7
84. f5 gxf5 85. gxf5 Kf8 86. f6 Ke8 87. Kg6 Kf8 88. Ne7 Ke8 89. Kg7 Kd7 90. f7
Kxe7 91. f8=Q+ Kd7 92. Qc5 Ke6 93. Kg6 Kd7 94. Kf7 Kd8 95. Ke6 Ke8 96. Qc8# 1-0

[Event "NAYCC U12"]
[Site "Kingston CAN"]
[Date "2019.08.16"]
[Round "1.75"]
[White "Harish, Neeraj"]
[Black "He, Matthew"]
[Result "1-0"]
[WhiteElo "1395"]
[BlackElo "1832"]
[PlyCount "129"]
[EventDate "2019.08.16"]
[EventType "swiss"]
[EventRounds "9"]
[EventCountry "CAN"]

1. e4 c6 2. d4 d5 3. e5 Bf5 4. Nc3 e6 5. g4 Bg6 6. Nge2 Nd7 7. Be3 c5 8. f4 Be7
9. Ng3 h6 10. f5 Bh7 11. Bg2 a6 12. O-O cxd4 13. Bxd4 Qc7 14. Nh5 Bf8 15. Nf4
Qc6 16. fxe6 fxe6 17. Nfxd5 exd5 18. Bxd5 Qc7 19. Bf7+ Kd8 20. e6 Bc5 21. exd7
Nf6 22. Rxf6 gxf6 23. Nd5 Qd6 24. b4 Bxd4+ 25. Qxd4 Rf8 26. Re1 Rxf7 27. Re8+
Kxd7 28. Rxa8 Bxc2 29. Qc4 Qc6 30. Qd4 Qd6 31. Nb6+ Ke6 32. Qc4+ Ke5 33. Re8+
Re7 34. Qe2+ Kf4 35. Rxe7 Qxb6+ 36. Qf2+ Qxf2+ 37. Kxf2 Kxg4 38. Rxb7 Bd3 39.
Rb6 Kf5 40. a4 Ke5 41. b5 axb5 42. a5 Kd4 43. a6 Kc4 44. Ke3 Bf1 45. Rc6+ Kd5
46. a7 Kxc6 47. a8=Q+ Kc5 48. Qc8+ Kb4 49. Qf8+ Kb3 50. Qxf6 Bc4 51. Qxh6 b4
52. h4 Kb2 53. Qf6+ Ka2 54. h5 b3 55. h6 Bg8 56. Qa6+ Kb1 57. Qb7 b2 58. h7
Bxh7 59. Qxh7+ Ka1 60. Qa7+ Kb1 61. Kd3 Kc1 62. Qa3 Kb1 63. Kc3 Kc1 64. Qxb2+
Kd1 65. Qd2# 1-0

[Event "NAYCC U12"]
[Site "Kingston CAN"]
[Date "2019.08.16"]
[Round "1.76"]
[White "Huang, Youhe"]
[Black "Yuan, Edison"]
[Result "1/2-1/2"]
[WhiteElo "1825"]
[BlackElo "1390"]
[PlyCount "125"]
[EventDate "2019.08.16"]
[EventType "swiss"]
[EventRounds "9"]
[EventCountry "CAN"]

1. e4 c5 2. Nf3 e6 3. Nc3 Nc6 4. d4 cxd4 5. Nxd4 Qc7 6. Be2 Nf6 7. O-O a6 8.
Be3 Be7 9. Kh1 O-O 10. f4 d6 11. Bf3 Bd7 12. g4 Nxd4 13. Bxd4 e5 14. Be3 exf4
15. Bxf4 Qb6 16. g5 Ne8 17. Nd5 Qd8 18. Qd2 Bc6 19. Rad1 Rc8 20. Bg4 Ra8 21. c4
Nc7 22. Bf3 Nxd5 23. exd5 Bd7 24. c5 Bb5 25. Rfe1 Re8 26. c6 bxc6 27. dxc6 Rc8
28. Bxd6 Bxd6 29. Rxe8+ Qxe8 30. Qxd6 Bxc6 31. Bxc6 Rxc6 32. Qe5 Re6 33. Qa5
Qc6+ 34. Kg1 Re8 35. Qd5 Qb6+ 36. Qd4 Qb5 37. h4 Qe2 38. Rf1 Qe3+ 39. Qxe3 Rxe3
40. Rc1 h6 41. gxh6 gxh6 42. Rc6 Re6 43. Rxe6 fxe6 44. b4 Kf7 45. a4 Ke7 46.
Kf2 Kd6 47. Ke3 Kd5 48. Kd3 h5 49. Kc3 e5 50. Kd3 e4+ 51. Kc3 e3 52. Kd3 e2 53.
Kxe2 Kc4 54. b5 axb5 55. axb5 Kxb5 56. Kf3 Kc6 57. Kf4 Kd6 58. Kg5 Ke7 59. Kg6
Kf8 60. Kh6 Kg8 61. Kg5 Kh8 62. Kxh5 Kh7 63. Kg5 1/2-1/2

[Event "NAYCC U12"]
[Site "Kingston CAN"]
[Date "2019.08.16"]
[Round "1.77"]
[White "Qiu, James"]
[Black "Srinivasan, Hemant"]
[Result "0-1"]
[WhiteElo "1381"]
[BlackElo "1812"]
[PlyCount "58"]
[EventDate "2019.08.16"]
[EventType "swiss"]
[EventRounds "9"]
[EventCountry "CAN"]

1. e4 c6 2. d4 d5 3. exd5 cxd5 4. Nf3 Nf6 5. Be2 Bf5 6. b3 e6 7. Bb2 Bd6 8.
Nbd2 Nc6 9. Rc1 Rc8 10. c4 O-O 11. O-O Re8 12. Nh4 Be4 13. Nhf3 Bb8 14. Nxe4
dxe4 15. Ne5 Qc7 16. f4 exf3 17. Nxf3 Ng4 18. Qd3 Nxh2 19. Ng5 f5 20. Rf2 h6
21. Nh3 Ng4 22. Rf3 Qh2+ 23. Kf1 Qh1+ 24. Ng1 Bh2 25. Ke1 Nb4 26. Qd2 Qxg1+ 27.
Bf1 Nc6 28. Qc3 e5 29. dxe5 Bxe5 0-1

[Event "NAYCC U12"]
[Site "Kingston CAN"]
[Date "2019.08.16"]
[Round "1.78"]
[White "Lancman, Kyle"]
[Black "Wang, Derek"]
[Result "1-0"]
[WhiteElo "1806"]
[BlackElo "1370"]
[PlyCount "53"]
[EventDate "2019.08.16"]
[EventType "swiss"]
[EventRounds "9"]
[EventCountry "CAN"]

1. e4 c5 2. Nc3 Nc6 3. f4 e6 4. Nf3 Nge7 5. Bb5 g6 6. O-O Bg7 7. Bxc6 Nxc6 8.
d3 O-O 9. Qe1 d5 10. Qg3 d4 11. Ne2 Nb4 12. Ne1 Bf6 13. a3 Bh4 14. Qh3 Bxe1 15.
axb4 Bxb4 16. f5 exf5 17. exf5 Re8 18. Ng3 Re1 19. Rxe1 Bxe1 20. Bh6 Bxg3 21.
Qxg3 Qf6 22. Qc7 g5 23. Rxa7 Qxh6 24. Rxa8 Qh5 25. Qxc8+ Kg7 26. Qh8+ Kh6 27.
Qf8# 1-0

[Event "NAYCC U12"]
[Site "Kingston CAN"]
[Date "2019.08.16"]
[Round "1.79"]
[White "Zhou, Johnson"]
[Black "Liu, Kevin"]
[Result "0-1"]
[WhiteElo "1358"]
[BlackElo "1803"]
[PlyCount "72"]
[EventDate "2019.08.16"]
[EventType "swiss"]
[EventRounds "9"]
[EventCountry "CAN"]

1. e4 c5 2. c3 d5 3. Bb5+ Bd7 4. Qa4 dxe4 5. Bxd7+ Qxd7 6. Qxe4 Nf6 7. Qe2 e6
8. Nf3 Bd6 9. O-O O-O 10. d4 cxd4 11. Nxd4 a6 12. Rd1 Nc6 13. Be3 Qc7 14. Nf3
Nd5 15. Bg5 h6 16. c4 Nf4 17. Bxf4 Bxf4 18. Nc3 Na5 19. b3 b5 20. Rd4 Nc6 21.
Rdd1 Ne5 22. g3 Nxf3+ 23. Qxf3 Be5 24. Re1 b4 25. Ne2 Bxa1 26. Rxa1 Rad8 27.
Nf4 Rd2 28. a3 Qe5 29. Rc1 bxa3 30. b4 Qb2 31. Re1 a2 32. Nd3 Rxd3 33. Qxd3
a1=Q 34. Rxa1 Qxa1+ 35. Kg2 Qe5 36. c5 Qd5+ 0-1

[Event "NAYCC U12"]
[Site "Kingston CAN"]
[Date "2019.08.16"]
[Round "1.80"]
[White "Ajith, Aayush"]
[Black "Li, Eric"]
[Result "1-0"]
[WhiteElo "1753"]
[BlackElo "1337"]
[PlyCount "35"]
[EventDate "2019.08.16"]
[EventType "swiss"]
[EventRounds "9"]
[EventCountry "CAN"]

1. d4 d5 2. Nf3 Nf6 3. e3 e6 4. Bd3 c5 5. c3 Nc6 6. O-O Bd7 7. Nbd2 Qc7 8. Re1
Be7 9. e4 cxd4 10. cxd4 Nb4 11. Bb1 dxe4 12. Nxe4 h6 13. a3 Nbd5 14. Ne5 Bc8
15. Qf3 O-O 16. Qg3 Kh8 17. Nxf6 Nxf6 18. Ng6+ 1-0

[Event "NAYCC U12"]
[Site "Kingston CAN"]
[Date "2019.08.16"]
[Round "1.81"]
[White "Xu, Xinge"]
[Black "Wu, Benjamin"]
[Result "0-1"]
[WhiteElo "1282"]
[BlackElo "1731"]
[PlyCount "142"]
[EventDate "2019.08.16"]
[EventType "swiss"]
[EventRounds "9"]
[EventCountry "CAN"]

1. e4 e6 2. d4 d5 3. exd5 exd5 4. Nf3 Nf6 5. Bf4 Bd6 6. Bxd6 Qxd6 7. Bd3 Qb4+
8. Nc3 Qxb2 9. Ne2 O-O 10. O-O Qa3 11. c3 Bg4 12. Qb3 Qxb3 13. axb3 Nbd7 14.
Ng3 Rfe8 15. Rfe1 a6 16. Ne5 Nxe5 17. dxe5 Nd7 18. f4 Nc5 19. Bc2 g6 20. h3 Be6
21. Ne2 Bf5 22. Bxf5 gxf5 23. Nd4 Ne6 24. g3 Nxd4 25. cxd4 b6 26. Rec1 Rec8 27.
Rc6 a5 28. Kf2 b5 29. Rc5 c6 30. Ke2 a4 31. b4 a3 32. Kd2 Ra4 33. Kc3 a2 34.
Kb3 Rca8 35. Rxc6 Ra3+ 36. Kb2 Rxg3 37. Rc3 Rxc3 38. Kxc3 Kg7 39. Kb2 Kh6 40.
Kc2 Kh5 41. Kd2 Kh4 42. Ke2 Kxh3 43. Kf3 Ra3+ 44. Kf2 Kg4 45. Ke2 Kxf4 46. Kd2
Ke4 47. Kc2 Kxd4 48. Kb2 Ra4 49. Rd1+ Kxe5 50. Re1+ Kf4 51. Rf1+ Kg3 52. Ka1 f4
53. Rd1 f3 54. Rxd5 f2 55. Rg5+ Kh2 56. Rh5+ Kg1 57. Rg5+ Kf1 58. Rf5 Rxb4 59.
Kxa2 Re4 60. Rxf7 Ke1 61. Rc7 f1=Q 62. Rc1+ Kf2 63. Rxf1+ Kxf1 64. Kb2 h5 65.
Kb3 h4 66. Kc3 h3 67. Kd3 Ra4 68. Ke3 h2 69. Kf3 h1=R 70. Kg3 Rh8 71. Kf3 Rh3#
0-1

[Event "NAYCC U12"]
[Site "Kingston CAN"]
[Date "2019.08.16"]
[Round "1.82"]
[White "Su, Kevin"]
[Black "Cui, Guang Zhu"]
[Result "1-0"]
[WhiteElo "1729"]
[BlackElo "1234"]
[PlyCount "53"]
[EventDate "2019.08.16"]
[EventType "swiss"]
[EventRounds "9"]
[EventCountry "CAN"]

1. e4 c5 2. Nf3 d6 3. d4 cxd4 4. Nxd4 Nc6 5. Nc3 g6 6. Be3 Bg7 7. Qd2 Nf6 8. f3
O-O 9. O-O-O Re8 10. h4 a6 11. Nxc6 bxc6 12. Bh6 Bh8 13. g4 Qb6 14. Bc4 Bxg4
15. fxg4 Nxe4 16. Qf4 d5 17. Rhf1 f5 18. gxf5 Nxc3 19. bxc3 Bxc3 20. Bb3 Qc5
21. Kb1 Bf6 22. Qg3 Qa5 23. fxg6 Rab8 24. gxh7+ Kxh7 25. Rxf6 Rg8 26. Qd3+ Kh8
27. Rf7 1-0

[Event "NAYCC U12"]
[Site "Kingston CAN"]
[Date "2019.08.16"]
[Round "1.83"]
[White "Berube, Maximilien"]
[Black "Sloan, Jed"]
[Result "0-1"]
[WhiteElo "1218"]
[BlackElo "1680"]
[PlyCount "81"]
[EventDate "2019.08.16"]
[EventType "swiss"]
[EventRounds "9"]
[EventCountry "CAN"]

1. e4 c5 2. Nf3 e6 3. d4 cxd4 4. Nxd4 Nc6 5. Nxc6 bxc6 6. Bc4 Nf6 7. Nc3 d5 8.
exd5 cxd5 9. Bb5+ Bd7 10. Bxd7+ Qxd7 11. O-O Bd6 12. Re1 O-O 13. Bg5 Be7 14.
Qd2 Rab8 15. Rab1 Rfc8 16. Ne2 Ne4 17. Qd3 Bxg5 18. Ng3 Nxg3 19. Qxg3 Bf6 20.
c3 Rb6 21. Re3 Qc7 22. Qg4 Qc4 23. Qd1 Qxa2 24. Qc2 Qb3 25. Qd3 Qc4 26. Qc2 d4
27. Rh3 h6 28. Rc1 Rcb8 29. Rb1 dxc3 30. Rd3 Rxb2 31. Rxb2 cxb2 32. Qb1 Qc1+
33. Rd1 Qxb1 34. Rxb1 Rc8 35. Rf1 Rc1 36. h3 b1=Q 37. Rxc1 Qxc1+ 38. Kh2 Be5+
39. g3 Qf1 40. f4 Qf2+ 41. Kh1 0-1

[Event "NAYCC U12"]
[Site "Kingston CAN"]
[Date "2019.08.16"]
[Round "1.84"]
[White "Liu, Henry"]
[Black "Li, Travis"]
[Result "1-0"]
[WhiteElo "1655"]
[BlackElo "1208"]
[PlyCount "77"]
[EventDate "2019.08.16"]
[EventType "swiss"]
[EventRounds "9"]
[EventCountry "CAN"]

1. c4 Nf6 2. g3 e6 3. Bg2 d5 4. cxd5 exd5 5. Nf3 Be6 6. O-O Bd6 7. d4 O-O 8.
Nc3 Nc6 9. Nb5 Bb4 10. Bf4 Ba5 11. Rc1 a6 12. Nc3 Bb6 13. Na4 Ba5 14. Nc5 Qc8
15. Ne5 Bh3 16. Nxc6 bxc6 17. Qa4 Bb6 18. Qxc6 Rb8 19. b3 Re8 20. e3 Ra8 21.
Na4 Bxg2 22. Kxg2 Ba5 23. Bxc7 Re6 24. Qc5 Ne4 25. Qxa5 Rh6 26. h4 Qg4 27. Qxd5
Re8 28. f3 Nf6 29. fxg4 Nxd5 30. Bf4 Rf6 31. e4 Nb4 32. Nc5 Nxa2 33. Rc4 a5 34.
Ra1 Nb4 35. Rxa5 Nc6 36. Ra6 Rd8 37. Bg5 Rg6 38. Bxd8 Nxd8 39. Ra8 1-0

[Event "NAYCC U12"]
[Site "Kingston CAN"]
[Date "2019.08.16"]
[Round "1.85"]
[White "Li, Neal"]
[Black "Xu, Jayden"]
[Result "0-1"]
[WhiteElo "1169"]
[BlackElo "1645"]
[PlyCount "68"]
[EventDate "2019.08.16"]
[EventType "swiss"]
[EventRounds "9"]
[EventCountry "CAN"]

1. e4 e6 2. d4 d5 3. exd5 exd5 4. Nc3 Bb4 5. Bd2 Nf6 6. Nf3 Bg4 7. h3 Bh5 8. a3
Bd6 9. Bd3 O-O 10. g4 Re8+ 11. Be3 Bg6 12. Bxg6 hxg6 13. Qd2 Bf4 14. O-O-O Bxe3
15. fxe3 Nc6 16. Rde1 Ne4 17. Nxe4 Rxe4 18. Qf2 Qe7 19. Nd2 Re6 20. Re2 Re8 21.
Rhe1 Nxd4 22. e4 Nxe2+ 23. Rxe2 a6 24. Re3 dxe4 25. Qe1 b5 26. Nb3 f5 27. gxf5
gxf5 28. Nd4 Rf6 29. Re2 f4 30. Nf3 e3 31. Qh4 Qe4 32. Ng5 Qf5 33. Qh5 Re5 34.
Rg2 f3 0-1